<?xml version="1.0" encoding="UTF-8"?><?xml-stylesheet type="text/xsl" href="static/style.xsl"?><OAI-PMH xmlns="http://www.openarchives.org/OAI/2.0/" xmlns:xsi="http://www.w3.org/2001/XMLSchema-instance" xsi:schemaLocation="http://www.openarchives.org/OAI/2.0/ http://www.openarchives.org/OAI/2.0/OAI-PMH.xsd"><responseDate>2026-06-01T04:22:02Z</responseDate><request verb="GetRecord" identifier="oai:riuma.uma.es:10630/28068" metadataPrefix="marc">https://riuma.uma.es/rest/oai/request</request><GetRecord><record><header><identifier>oai:riuma.uma.es:10630/28068</identifier><datestamp>2026-02-03T11:49:56Z</datestamp><setSpec>com_10630_2254</setSpec><setSpec>col_10630_37959</setSpec></header><metadata><record xmlns="http://www.loc.gov/MARC21/slim" xmlns:dcterms="http://purl.org/dc/terms/" xmlns:doc="http://www.lyncode.com/xoai" xmlns:xsi="http://www.w3.org/2001/XMLSchema-instance" xsi:schemaLocation="http://www.loc.gov/MARC21/slim http://www.loc.gov/standards/marcxml/schema/MARC21slim.xsd">
   <leader>00925njm 22002777a 4500</leader>
   <datafield ind2=" " ind1=" " tag="042">
      <subfield code="a">dc</subfield>
   </datafield>
   <datafield ind2=" " ind1=" " tag="720">
      <subfield code="a">Lozano-Francisco, María del Carmen</subfield>
      <subfield code="e">author</subfield>
   </datafield>
   <datafield ind2=" " ind1=" " tag="720">
      <subfield code="a">Salvo-Tierra, Ángel Enrique</subfield>
      <subfield code="e">author</subfield>
   </datafield>
   <datafield ind2=" " ind1=" " tag="720">
      <subfield code="a">Pereña-Ortiz, Jaime Francisco</subfield>
      <subfield code="e">author</subfield>
   </datafield>
   <datafield ind2=" " ind1=" " tag="720">
      <subfield code="a">Gestoso Morote, David</subfield>
      <subfield code="e">author</subfield>
   </datafield>
   <datafield ind2=" " ind1=" " tag="720">
      <subfield code="a">Martín-Algarra, Agustín</subfield>
      <subfield code="e">author</subfield>
   </datafield>
   <datafield ind2=" " ind1=" " tag="260">
      <subfield code="c">2023</subfield>
   </datafield>
   <datafield ind2=" " ind1=" " tag="520">
      <subfield code="a">La Unidad de los Pastores localizada al sur del núcleo urbano de Algeciras se encuentra representada por varios conjuntos cronoestratigráficos de clara diferenciación litológica. Están representados el Trías, el Jurásico (Lías-Dogger y Malm) y el Cretácico Inferior (Neocomiense) que se suceden en continuidad a pesar de la mecanización de algunos de sus contactos (Martín-Algarra et al., 1993). El gran interés paleontológico radica fundamentalmente en la presencia en estos yacimientos de edad triásica (250-200 m.a.) de abundante fauna y flora que marcan eventos acaecidos a nivel global, aquí representados y que nos proveen de abundante y fundamental información sobre cambios climáticos globales. En estos momentos se aborda el análisis de la macro€ora caracterizada por la presencia de pteridofitas, que incluyen equisetópsidas de gran tamaño, y por un claro predominio de las gimnospermas (pinófitas), lo que indicaría que el área estudiada estaría paleogeográficamente ubicada en una zona ecuatorial o subecuatorial árida, dominada por elementos xerofíticos, de acuerdo con el modelo propuesto por Visscher y Van der Zwan (1981).</subfield>
   </datafield>
   <datafield ind1="8" ind2=" " tag="024">
      <subfield code="a">https://hdl.handle.net/10630/28068</subfield>
   </datafield>
   <datafield tag="653" ind2=" " ind1=" ">
      <subfield code="a">Paleobotánica - Triásico</subfield>
   </datafield>
   <datafield tag="653" ind2=" " ind1=" ">
      <subfield code="a">Pteridofitas</subfield>
   </datafield>
   <datafield tag="653" ind2=" " ind1=" ">
      <subfield code="a">Gimnospermas</subfield>
   </datafield>
   <datafield ind2="0" ind1="0" tag="245">
      <subfield code="a">La flora carniense de la Unidad de Los Pastores (Algeciras, Campo de Gibraltar).</subfield>
   </datafield>
</record>
</metadata></record></GetRecord></OAI-PMH>